Into the wilderness (Record no. 6612)

MARC details
005 - DATE AND TIME OF LATEST TRANSACTION
control field 20250709060846.0
020 ## - INTERNATIONAL STANDARD BOOK NUMBER
International Standard Book Number 978-0-85798-977-2
082 ## - DEWEY DECIMAL CLASSIFICATION NUMBER
Classification number 813.54 DON
100 ## - MAIN ENTRY--PERSONAL NAME
Author name DONATI,S
245 ## - TITLE STATEMENT
Title Into the wilderness
260 ## - PUBLICATION, DISTRIBUTION, ETC.
Place of publication, distribution, etc. New York
Name of publisher, distributor, etc. Bantam
Date of publication, distribution, etc. 2015
300 ## - PHYSICAL DESCRIPTION
Extent 876p.;ill
Dimensions 20 cm
942 ## - ADDED ENTRY ELEMENTS (KOHA)
Source of classification or shelving scheme Dewey Decimal Classification
Koha item type Books
Holdings
Date last seen Total checkouts Full call number Barcode Cost, replacement price Price effective from Koha item type Lost status Source of classification or shelving scheme Damaged status Not for loan Withdrawn status Home library Current library Shelving location Date acquired Source of acquisition Cost, normal purchase price
07/09/2025   813.54 DON MZA0003004 90000.00 07/04/2024 Books   Dewey Decimal Classification       CBE Mwanza CBE Mwanza General Collection 07/04/2024 Donation 30000.00